| 000 | 01852nam0a2200385 4500 | ||
|---|---|---|---|
| 001 | RU\NLR\bibl\1699512 | ||
| 005 | 20260607065732.0 | ||
| 010 |
_a978-5-7695-6038-5 _91500 |
||
| 021 |
_aRU _b2010-78763 _95251 |
||
| 035 | _a(nilc)RSL-KNO-004748502 | ||
| 035 | _a(NLR Aleph) 001690597 | ||
| 090 |
_a1158310 _c1158310 |
||
| 100 | _a20101018d2010 |||y0rusy50 ca | ||
| 101 | 0 | _arus | |
| 102 | _aRU | ||
| 105 | _ay zzzz||||| | ||
| 200 | 1 |
_aВведение в литературоведение _eучебник _eдля студентов высших учебных заведений, обучающихся по специальности и направлению подготовки "Филология" _f[Л. В. Чернец, В.Е. Хализев, А.Я. Эсалнек и др.] _gпод ред. Л. В. Чернец |
|
| 205 | _a3-е изд., испр. и доп. | ||
| 210 |
_aМосква _cАкадемия _d2010 |
||
| 215 |
_a716, [1] с. _d22 |
||
| 225 | 1 |
_aВысшее профессиональное образование _iФилология |
|
| 300 | _aАвт. указаны на обороте тит. л. | ||
| 320 | _aБиблиогр. в конце тем | ||
| 606 | 1 |
_aЛитература _jУчебные издания для высших учебных заведений _xТеория _9928703 _3RU\NLR\auth\6622999 |
|
| 686 |
_aШ40я73-1 _2rubbk |
||
| 686 | _aШ40я73 | ||
| 701 | 1 |
_aЧернец _bЛ. В. _gЛилия Валентиновна _4070 |
|
| 701 | 1 |
_aХализев _bВ. Е. _gВалентин Евгеньевич _4070 |
|
| 701 | 1 |
_4070 _7ca _8rus _aЭсалнек _bА. С. _f1933- _gАся Яновна _9123897 _3RU\NLR\auth\7714224 |
|
| 801 | 0 |
_aRU _bРГБ _c20101018 _grcr |
|
| 801 | 1 |
_aRU _bРГБ _c20101018 |
|
| 801 | 2 |
_aRU _bNLR _c20101113 _grcr |
|
| 942 | _cBOOK | ||
| 980 | _aNB | ||